00641nam a22001817a 4500003000500000038001500005082000800020100002500028245013100053260003700184300001200221500001500233600005400248700003200302942001300334999001900347952009300366NUST aMr. Zahoor a200 aMazhar Hameed915385 aBusiness Intelligence: Self Adapting and prioritizing database algorithm based on contextual shifting of data /cMazhar Hameed aIslamabad :bCEME - NUST,c2016. a94 p. ; aHardcover. xComputer Software Engineering - MS Thesis 915681 4Supervisor: Dr. Saad Rehman 2ddccTHE c524582d524582 00102ddc4070aCLbCLcTHEd2019-06-24l0o621.3pCL-T-54r2019-06-24w2019-06-24yTHE